000 00574nam a22001577a 4500
003 NUST
082 _a610
100 _aFatima , Rizwana
_9122423
245 _aProteome Wide Alterations and Impact of Identified Risk Factors on the Progression of Parkinson“s Disease /
_cRizwana Fatima
264 _aIslamabad:
_bSMME- NUST.
_c2021.
300 _a90p. ;
_bSoft Copy,
_c30cm.
650 _aMS Mechanical Engineering
_9119495
700 _aSupervisor : Dr. Saima Zafar
_9122351
856 _uhttp://10.250.8.41:8080/xmlui/handle/123456789/26329
942 _2ddc
_cTHE
999 _c608919
_d608919